000 00401nam a2200181Ia 4500
005 20250603145522.0
008 250603s9999 xx 000 0 und d
020 _a080533842X
050 _aQD 453.3 .E54/
100 _aEngel, Thomas
245 0 _aPhysical chemistry
260 _aNew Jersey
260 _bPearson
260 _c2006
300 _a1061 p
650 _aNew Jersey
942 _cBK
999 _c42092
_d42092